LEADER 03190nam0 2200589 i 450 001 VAN0101560 005 20211109025022.29 017 70$2N$a9783319095707 100 $a20150428d2014 |0itac50 ba 101 $aeng 102 $aCH 105 $a|||| ||||| 200 1 $aSingular perturbations$eintroduction to system order reduction methods with applications$fElena Shchepakina, Vladimir Sobolev, Michael P. Mortell 210 $aCham$cSpringer$d2014 215 $aXIII, 212 p.$d24 cm 461 1$1001VAN0102250$12001 $aLecture notes in mathematics$1210 $aBerlin [etc.]$cSpringer$v2114 500 1$3VAN0234074$aSingular perturbations : introduction to system order reduction methods with applications$91907539 606 $a34E15$xSingular perturbations, general theory for ordinary differential equation [MSC 2020]$3VANC021237$2MF 606 $a34-XX$xOrdinary differential equations [MSC 2020]$3VANC021251$2MF 606 $a34D15$xSingular perturbations of ordinary differential equation [MSC 2020]$3VANC023327$2MF 606 $a37D10$xInvariant manifold theory for dynamical systems [MSC 2020]$3VANC023748$2MF 606 $a93C70$xTime-scale analysis and singular perturbations in control/observation systems [MSC 2020]$3VANC028270$2MF 606 $a80M35$xAsymptotic analysis for problems in thermodynamics and heat transfer [MSC 2020]$3VANC028643$2MF 606 $a34C45$xInvariant manifolds for ordinary differential equation [MSC 2020]$3VANC029387$2MF 606 $a92C45$xKinetics in biochemical problems (pharmacokinetics, enzyme kinetics, etc.) [MSC 2020]$3VANC029594$2MF 606 $a34E17$xCanard solutions to ordinary differential equation [MSC 2020]$3VANC030762$2MF 606 $a70K70$xSystems with slow and fast motions for nonlinear problems in mechanics [MSC 2020]$3VANC030763$2MF 610 $aBlack Swans$9KW:K 610 $aCanards$9KW:K 610 $aChemical Kinetics$9KW:K 610 $aCombustion and Explosion$9KW:K 610 $aEnzyme Kinetics$9KW:K 610 $aIntegral Manifolds$9KW:K 610 $aInvariant Manifolds$9KW:K 610 $aLaser and Reacting System$9KW:K 610 $aManipulators$9KW:K 610 $aOrdinary differential equations$9KW:K 610 $aSingular Perturbations$9KW:K 610 $aSystem Order Reduction$9KW:K 620 $aCH$dCham$3VANL001889 700 1$aShchepakina$bElena$3VANV079383$0716378 701 1$aMortell$bMichael P.$3VANV079385$0721499 701 1$aSobolev$bVladimir$3VANV079384$0721500 712 $aSpringer $3VANV108073$4650 801 $aIT$bSOL$c20240614$gRICA 856 4 $uhttp://doi.org/10.1007/978-3-319-09570-7$zE-book ? Accesso al full-text attraverso riconoscimento IP di Ateneo, proxy e/o Shibboleth 899 $aBIBLIOTECA DEL DIPARTIMENTO DI MATEMATICA E FISICA$1IT-CE0120$2VAN08 912 $fN 912 $aVAN0101560 950 $aBIBLIOTECA DEL DIPARTIMENTO DI MATEMATICA E FISICA$d08CONS e-book $e08LNM2114 20150428 996 $aSingular perturbations : introduction to system order reduction methods with applications$91907539 997 $aUNICAMPANIA LEADER 00859nam0 22002413i 450 001 VAN00269626 005 20240806101527.936 010 $a978-19-8291-809-5 100 $a20240115d2020 |0itac50 ba 101 $aeng 102 $aUS 105 $a|||| ||||| 200 1 $aPaintings & Drawings$fOdilon Redon 210 $aS.l.$cThe Zeding House$d2020 215 $a 217 p. $d22 cm 700 1$aRedon$bOdilon$3VANV043023$0601860 712 02$aThe Zeding House$3VANV221218 801 $aIT$bSOL$c20240906$gRICA 899 $aBIBLIOTECA DEL DIPARTIMENTO DI LETTERE E BENI CULTURALI$1IT-CE0103$2VAN07 912 $aVAN00269626 950 $aBIBLIOTECA DEL DIPARTIMENTO DI LETTERE E BENI CULTURALI$d07CONS PB Redon 2482 $e07UBL3475 20240115 996 $aPaintings & Drawings$93669802 997 $aUNICAMPANIA LEADER 02003nam0 22005413i 450 001 VAN00285249 005 20250327020446.61 017 70$2N$a9783031255663 100 $a20250123d2023 |0itac50 ba 101 $aeng 102 $aCH 105 $a|||| ||||| 181 $ai$b e 182 $ab 183 $acr 200 1 $aˆThe ‰Perceptual Structure of Sound$fDik J. Hermes 210 $aCham$cSpringer$d2023 215 $axix, 827 p.$cill.$d24 cm 410 1$1001VAN00285251$12001 $aCurrent Research in Systematic Musicology$1210 $aCham [etc.]$cSpringer$v11 606 $a00-XX$xGeneral and overarching topics; collections [MSC 2020]$3VANC025238$2MF 606 $a76-XX$xFluid mechanics [MSC 2020]$3VANC019858$2MF 606 $a92-XX$xBiology and other natural sciences [MSC 2020]$3VANC020839$2MF 610 $aAuditory Objects$9KW:K 610 $aAuditory Processing$9KW:K 610 $aAuditory Scene Analysis$9KW:K 610 $aHearing$9KW:K 610 $aLoudness$9KW:K 610 $aMelody$9KW:K 610 $aMusic$9KW:K 610 $aPitch$9KW:K 610 $aRhythm$9KW:K 610 $aSound$9KW:K 610 $aSound Localization$9KW:K 610 $aSpeech$9KW:K 610 $aSyllables$9KW:K 610 $aTimbre$9KW:K 610 $aTones$9KW:K 620 $aCH$dCham$3VANL001889 700 1$aHermes$bDik J.$3VANV239100$01368843 712 $aSpringer $3VANV108073$4650 801 $aIT$bSOL$c20250328$gRICA 856 4 $uhttps://doi.org/10.1007/978-3-031-25566-3$zE-book ? Accesso al full-text attraverso riconoscimento IP di Ateneo, proxy e/o Shibboleth 899 $aBIBLIOTECA DEL DIPARTIMENTO DI MATEMATICA E FISICA$1IT-CE0120$2VAN08 912 $fN 912 $aVAN00285249 950 $aBIBLIOTECA DEL DIPARTIMENTO DI MATEMATICA E FISICA$d08DLOAD e-Book 10370 $e08eMF10370 20250207 996 $aPerceptual Structure of Sound$94310082 997 $aUNICAMPANIA